| 000 | 00675nam a2200229 a 4500 | ||
|---|---|---|---|
| 005 | 20240911064118.0 | ||
| 008 | 011023s1990 mx r 000 0 spa d | ||
| 020 | _a9682316685 | ||
| 035 | _aUPN01000113349 | ||
| 049 | _aCG | ||
| 050 | 4 |
_aHC133 _bE8.2 1990 |
|
| 100 | 1 | _aEsteva, Gustavo | |
| 245 | 1 | 3 |
_aLa batalla en el México rural / _cGustavo Esteva ; colab. David Barkin... [et al.]. |
| 250 | _a7a ed. | ||
| 260 |
_aMéxico : _bSiglo XXI, _c1990. |
||
| 300 | _a243 p. | ||
| 440 | 0 | _aSociología y política | |
| 650 | 4 |
_aReforma agraria _zMéxico _916064 |
|
| 650 | 2 |
_aCampesinos _zMéxico _95335 |
|
| 651 | 4 |
_aMéxico _xCondiciones rurales _914867 |
|
| 905 | _aLibro | ||
| 999 |
_c87257 _d87257 |
||